000 01337nam0a22002771 4500
001 rc\3186040
005 20260407071402.0
021 _aRU
_b[75-63074]
035 _a(NLR Aleph) 007349248
090 _a6191446
_c6191446
100 _a20120628d1975 |||y0rusy50 ca
101 0 _arus
102 _aRU
105 _aa z |||||
200 1 _aВопросы биохимии винограда и вина
_eТруды Второй Всесоюз. конф. по биохимии винограда и вина 1973 г.
_fОтв. ред. акад. А.И. Опарин
_gИн-т биохимии им. А.Н. Баха. АН СССР. Всесоюз. науч.-исслед. ин-т виноделия и виноградарства "Магарач" МПП СССР
210 _aМосква
_cПищевая пром-сть
_d1975
215 _a428 с.
_cил.
_d21
320 _aСписки лит. в конце докл.
606 _aВиноградная лоза
_xБиохимия
_jСборники
_2psbo
606 _aВиноделие
_xБиохимия
_jСборники
_2psbo
702 1 _4340
_7ca
_8rus
_aОпарин
_bА. И.
_f1894-1980
_gАлександр Иванович
_3RU\NLR\AUTH\770278565
_92650532
801 0 _aRU
_bNLR
_gpsbo
801 1 _aRU
_bELAR
_2rusmarc
852 _aNLR
_j75-3/4952
942 _cBOOK
980 _aNB